| 000 | 00870nam a2200217Ia 4500 | ||
|---|---|---|---|
| 001 | 14713 | ||
| 003 | GE_BSU | ||
| 008 | 181216s||||||||xx |||||||||||||| ||und|| | ||
| 040 | _cGE_BSU | ||
| 080 | _a721.01:725.4(075) | ||
| 100 | _aСербинович,П.П. Орловский,Б.Я. Абрамов,В.К. | ||
| 245 | _aАрхитектурное проектирование промышлнных зданий(Архитектурно-композиционны и обьемно-планировочные решения). | ||
| 245 | _bУчебное пособие. | ||
| 245 | _cРед. А.П.Мартынов. | ||
| 260 | _aМ. | ||
| 260 | _bВысшая школа. | ||
| 260 | _c1972. | ||
| 300 | _a408 стр. с илл. 27 см. | ||
| 653 | _aАрхитектурное проектирование промышлнных зданий. | ||
| 942 | _cBK | ||
| 999 |
_c47839 _d47839 |
||